| 000 | 02152nam0a2200385 4500 | ||
|---|---|---|---|
| 001 | RU\NLR\bibl\1786760 | ||
| 005 | 20260407082753.0 | ||
| 010 |
_a5-89930-136-8 _9300 |
||
| 021 |
_aRU _b2011-45166 _93203 |
||
| 035 | _a(NLR Aleph) 001777482 | ||
| 090 |
_a1676437 _c1676437 |
||
| 100 | _a20110708d2011 |||y0rusy50 ca | ||
| 101 | 0 | _arus | |
| 102 | _aRU | ||
| 105 | _aa ||||||||| | ||
| 200 | 1 |
_a"Не любопытства ради, а познания для..." _e[сборник статей _eпосвященный памяти отечественного и всемирно известного ученого-сибиреведа] _eк 75-летию Юрия Борисовича Симченко _fРос. акад. наук, Ин-т этнологии и антропологии им. Н.Н. Миклухо-Маклая, Сиб. отд-ние РАН, Ин-т пробл. освоения Севера _g[ред.: Н.А. Дубова, Ю.Н. Квашнин] |
|
| 210 |
_aМосква _cСтарый Сад _d2011 |
||
| 215 |
_a411 с. _cил., портр., карт. _d21 |
||
| 320 | _aБиблиогр. в конце ст. и в подстроч. примеч. | ||
| 320 | _aСписок науч. тр. Ю.Б. Симченко: с. 397-408 | ||
| 600 | 1 |
_aСимченко _bЮ. Б. _f1935 - 1995 _gЮрий Борисович _jСборники _92091921 _3RU\NLR\auth\661569641 |
|
| 606 | 1 |
_aНароды России _jСборники _xИсторико-этнографические исследования _92533362 _3RU\NLR\auth\661500436 |
|
| 686 | _aТ5г(2)7д.я43 | ||
| 686 | _aТ3(2)я43 | ||
| 686 | _aТ52(2)я43 | ||
| 702 | 1 |
_aДубова _bН. А. _gНадежда Анатольевна _4340 |
|
| 702 | 1 |
_aСимченко _bЮ. Б. _f1935-1995 _gЮрий Борисович _4570 |
|
| 712 | 0 | 2 |
_4570 _aИнститут этнологии и антропологии им. Н. Н. Миклухо-Маклая _cМосква _3RU\NLR\AUTH\888945 _9290397 |
| 801 | 0 |
_aRU _bNLR _c20110708 _gRCR |
|
| 801 | 1 |
_aRU _bNLR _c20110708 |
|
| 830 | _aред. по кн. | ||
| 942 | _cBOOK | ||
| 980 | _aNB | ||
| 980 | _aNBR | ||